Finnish Prime Ministers - Statistics

General Stats
  • This quiz has been taken 205 times
  • The average score is 22 of 67
Answer Stats
Took office Left office Party Answer % Correct
10 Dec 2019 Incumbent Social Democratic Marin
98%
17 Mar 1950 17 Nov 1953 Agrarian Kekkonen
74%
20 Oct 1954 3 Mar 1956 Agrarian Kekkonen
74%
24 Jun 2014 29 May 2015 National Coalition Stubb
74%
29 May 2015 6 Jun 2019 Centre Sipilä
73%
6 Jun 2019 10 Dec 2019 Social Democratic Rinne
70%
22 Jun 2011 24 Jun 2014 National Coalition Katainen
63%
22 Mar 1968 14 May 1970 Social Democratic Koivisto
63%
26 May 1979 26 Jan 1982 Social Democratic Koivisto
63%
26 Apr 1991 13 Apr 1995 Centre Aho
60%
13 Apr 1955 17 Apr 2003 Social Democratic Lipponen
60%
24 Jun 2003 22 Jun 2010 Centre Vanhanen
60%
17 Apr 2003 24 Jun 2003 Centre Jäätteenmäki
59%
1 Dec 1939 19 Dec 1940 National Progressive Ryti
54%
27 Nov 1917 27 May 1918 Young Finnish Svinhufvud
53%
4 Jul 1930 18 Feb 1931 National Coalition Svinhufvud
53%
14 Nov 1922 18 Jan 1924 Agrarian Kallio
51%
31 Dec 1925 13 Dec 1926 Agrarian Kallio
51%
16 Aug 1929 4 Jul 1930 Agrarian Kallio
51%
7 Oct 1936 17 Feb 1937 Agrarian Kallio
51%
27 May 1918 27 Nov 1918 Finnish Paasikivi
51%
17 Nov 1944 9 Mar 1946 National Coalition Paasikivi
51%
22 Jun 2010 22 Jun 2011 Centre Kiviniemi
44%
4 Sep 1972 13 Jun 1975 Social Democratic Sorsa
42%
15 May 1977 26 Apr 1979 Social Democratic Sorsa
42%
19 Feb 1982 30 Apr 1987 Social Democratic Sorsa
42%
30 Apr 1987 26 Apr 1991 National Coalition Holkeri
40%
12 Sep 1964 27 May 1966 Agrarian Virolainen
31%
13 Dec 1926 17 Dec 1927 Social Democratic Tanner
24%
27 May 1966 22 Mar 1968 Social Democratic Paasio
23%
23 Feb 1972 4 Sep 1972 Social Democratic Paasio
23%
29 Jul 1948 17 Mar 1950 Social Democratic Fagerholm
22%
3 Mar 1956 27 May 1957 Social Democratic Fagerholm
22%
29 Aug 1958 13 Jan 1959 Social Democratic Fagerholm
22%
13 Apr 1962 18 Dec 1963 Agrarian Karjalainen
22%
15 Jul 1970 29 Oct 1971 Centre Karjalainen
22%
14 Jul 1961 13 Apr 1962 Agrarian Miettunen
20%
30 Nov 1975 15 May 1977 Centre Miettunen
20%
27 May 1957 29 Nov 1957 Agrarian Sukselainen
17%
13 Jan 1959 14 Jul 1961 Agrarian Sukselainen
17%
14 May 1970 15 Jul 1970 Independent Aura
15%
29 Oct 1971 23 Feb 1972 Independent Aura
15%
2 Jun 1922 14 Nov 1922 Independent Cajander
15%
18 Jan 1924 31 May 1924 Independent Cajander
15%
12 Mar 1937 1 Dec 1939 National Progressive Cajander
15%
27 Nov 1918 17 Apr 1919 National Coalition Ingman
15%
31 May 1924 31 Mar 1925 National Coalition Ingman
15%
17 Nov 1953 5 May 1954 Independent Tuomioja
15%
26 Mar 1946 29 Jul 1948 People's Democratic Pekkala
14%
17 Apr 1919 15 Aug 1919 National Progressive Castrén
13%
21 Sep 1944 17 Nov 1944 National Coalition Castrén
13%
15 Dec 1932 7 Oct 1936 National Progressive Kivimäki
13%
13 Jun 1975 30 Dec 1975 Independent Liinamaa
13%
5 May 1954 20 Oct 1954 Swedish People´s Törngren
13%
5 Mar 1943 8 Aug 1944 National Coalition Linkomies
12%
3 Jan 1941 5 Mar 1943 National Progressive Rangell
12%
8 Aug 1944 21 Sep 1944 Independent Hackzell
11%
22 Dec 1928 16 Aug 1929 National Progressive Mantere
10%
29 Nov 1957 26 Apr 1958 Independent von Fieandt
10%
26 Apr 1958 29 Aug 1958 Independent Kuuskoski
9%
17 Dec 1927 22 Dec 1928 Agrarian Sunila
9%
21 Mar 1931 14 Dec 1932 Agrarian Sunila
9%
15 Mar 1920 9 Apr 1921 National Coalition Erich
8%
18 Dec 1963 12 Sep 1964 Independent Lehto
8%
31 Mar 1925 31 Dec 1925 National Coalition Tulenheimo
8%
15 Aug 1919 15 Mar 1920 National Progressive Vennola
8%
9 Apr 1921 2 Jun 1922 National Progressive Vennola
8%
No matching quizzes found
Score Distribution
Percent of People with Each Score
Percentile by Number Answered
Your Score History
You have not taken this quiz